000 00283nam a2200121Ia 4500
100 _aEinstein A& infeld L
942 _cBK
654 _aphysics theory
245 _aEvolution of physics theory
260 _bUniversal Book Stall
_aNew Delhi
_c1992
546 _aENGLISH
999 _c29847
_d29847